Statistics for Geography by Letter - Y

Click here to take the quiz!

General Stats

  • This quiz has been taken 48,257 times
    (17,971 since last reset)
  • The average score is 13 of 19

Answer Stats

Hint Answer % Correct
Oman's neighborYemen
99%
Currency of JapanYen
98%
Country that dissolved into
many pieces in 1991
Yugoslavia
92%
The first national park in the U.S.
(and also the world)
Yellowstone
90%
City in northern EnglandYork
85%
China's longest riverYangtze
81%
Jewish dialect of Eastern EuropeYiddish
80%
Informal term for a person from the U.S.,
especially the northeast
Yankee
80%
Far northwest Canadian territoryYukon
74%
National park in CaliforniaYosemite
72%
Mexican peninsula known
for a prehistorical meteor impact
Yucat√°n
70%
Crimean city and WWII conference locationYalta
54%
Capital of ArmeniaYerevan
54%
Type of portable dwelling found in
Central Asia
Yurt
53%
Huge city just south of TokyoYokohama
52%
City in Belgium near where five
WWI battles were fought
Ypres
42%
City formerly known as RangoonYangon
36%
Capital of Canada's Northwest TerritoriesYellowknife
35%
A term for the ethnic group to which
98.5% of Japanese residents belong
Yamato
11%

Score Distribution

Percentile by Number Answered

Percent of People with Each Score

Your Score History

You have not taken this quiz since the last reset